| 000 | 01244nam a2200253Ia 4500 | ||
|---|---|---|---|
| 999 |
_c39871 _d39871 |
||
| 001 | 6476 | ||
| 003 | GE_BSU | ||
| 005 | 20190530154727.0 | ||
| 008 | 181216s1985|||| |||||||||||||| ||geo|| | ||
| 040 | _cGE_BSU | ||
| 041 | _ageo | ||
| 080 | _a624.13:55(075.8) ლ-31 | ||
| 100 |
_aლომთაძე,ვ. _91846 |
||
| 245 |
_aსაინჟინრო გეოლოგია, საინჟინრო პეტროლოგია : სახელმძღვ. / _cვ. ლომთაძე ; მთარგმნ.: თ.ლორთქიფანიძე ; რედ : მ.ღუდუშაური ; ვ. გოგსაძე. |
||
| 264 |
_aთბილისი : _bგანათლება, _c1985. |
||
| 300 |
_a483 გვ.: _c26 სმ. |
||
| 504 | _aბიბლიოგრ.:გვ.478-480. | ||
| 653 | _aსაინჟინრო გეოლოგია | ||
| 653 | _aსაინჟინრო პეტროლოგია | ||
| 700 |
_aლორთქიფანიძე, თ _eმთარგმნელი _91847 |
||
| 700 |
_aღუდუშაური, მ _eრედაქტორი _91085 |
||
| 700 |
_aგოგსაძე, ვ _eრედაქტორი _9496 |
||
| 942 |
_cBK _2udc |
||